Dominicales

Zapisane w:
Opis bibliograficzny
1. autor: Duplessy, E (Autor)
Format: Książka
Język:francuski
Wydane: París Pierre Tequi Libraire-Edíteur 1923
Wydanie:1a. ed
Hasła przedmiotowe:
Etykiety: Dodaj etykietę
Nie ma etykietki, Dołącz pierwszą etykiete!

MARC

LEADER 00000cam a2200000 a 4500
001 UCD1009
003 CL-VaPUC
008 151231e19230000fr |||||||||||||||||fre|d
082 0 4 |a 281  |b DUP  |2 21 
100 0 |a Duplessy, E  |e author  |9 584089 
245 1 0 |a Dominicales 
250 |a 1a. ed 
300 |a t 
942 |c BK 
945 |d 20151231 00:35:00  |a gsalatino 
260 |a París  |b Pierre Tequi Libraire-Edíteur  |c 1923 
650 0 |a Homilías  |9 366132 
583 |a last modification  |c 20151231 00:35:00  |k Rodrigo Vera 
999 |c 362439  |d 362437 
952 |0 0  |1 0  |3 erd  |4 0  |6 281_000000000000000_DUP_1923  |7 0  |8 P  |9 473707  |a BIBTEO  |b BIBTES  |c TEO_FTES  |h t.2  |i 5275288  |o 281 DUP 1923  |p 5275288  |r 2024-01-18  |w 2019-11-24  |y BK  |z Catalogado en:20151231  |k ICR 
952 |0 0  |1 0  |3 erd  |4 0  |6 281_000000000000000_DUP_1923  |7 0  |8 P  |9 473708  |a BIBTEO  |b BIBTES  |c TEO_FTES  |h t.1  |i 5276675  |o 281 DUP 1923  |p 5276675  |r 2024-01-18  |w 2019-11-24  |y BK  |z Catalogado en:20160316  |k ICR 
952 |0 0  |1 0  |3 erd  |4 0  |6 281_000000000000000_DUP_1923  |7 0  |8 P  |9 473709  |a BIBTEO  |b BIBTES  |c TEO_FTES  |h t.3  |i 5276683  |o 281 DUP 1923  |p 5276683  |r 2024-01-18  |w 2019-11-24  |y BK  |z Catalogado en:20160316  |k ICR